Memoria de la melancolia
Պահպանված է:
| Հիմնական հեղինակ: | |
|---|---|
| Ձևաչափ: | Գիրք |
| Լեզու: | իսպաներեն |
| Հրապարակվել է: |
Buenos Aires
Losada
1970
|
| Շարք: | Colección Cristal del Tiempo
|
| Խորագրեր: | |
| Ցուցիչներ: |
Ավելացրեք ցուցիչ
Չկան պիտակներ, Եղեք առաջինը, ով նշում է այս գրառումը!
|
MARC
| LEADER | 00000nam a2200000 a 4500 | ||
|---|---|---|---|
| 001 | UCZ1719 | ||
| 003 | CL-VaPUC | ||
| 005 | 20241125123746.0 | ||
| 008 | 950831e19700000AG |||||||||||||||||spa|d | ||
| 999 | |c 238425 |d 238423 | ||
| 040 | |c Pontificia Universidad Católica de Valparaíso | ||
| 082 | 0 | 4 | |a 946 |b LEO |2 21 |
| 100 | |a León, María Teresa |e autora |9 345356 | ||
| 245 | 1 | 0 | |a Memoria de la melancolia |
| 260 | |a Buenos Aires |b Losada |c 1970 | ||
| 300 | |a 331 p | ||
| 490 | 0 | |a Colección Cristal del Tiempo | |
| 583 | |a last modification |c 19950831 00:00:00 |k Rodrigo Vera | ||
| 650 | 0 | |a Historia |9 255047 | |
| 650 | 0 | |a Autobiografías |9 265171 | |
| 650 | 0 | |a Guerra civil española |9 331803 | |
| 651 | 0 | |a España |9 254926 | |
| 942 | |c BK |2 ddc | ||
| 945 | |d 19950831 00:00:00 |a rbrito | ||
| 952 | |0 0 |1 0 |4 0 |6 946_000000000000000_LEO_1970 |7 0 |8 A |9 248600 |a BIBEDU |b BIBEDU |d 2019-11-18 |i 3104206 |o 946 LEO 1970 |p 3104206 |r 2019-11-18 |w 2019-11-18 |y BK |k LIT | ||